Čo priniesla novelizácia postupov účtovania pre podnikateľov

Informácia o zmenách v postupoch učtovania pre podnikateľov. Novelizácia je účinná od 1.1. 2018 a nadväzuje najmä na nové ustanovenia Obchodného zákonníka a Zákona o účtovnítve týkajúce sa kapitálového fondu z príspevkov.

Gespeichert in:
Bibliographische Detailangaben
1. Verfasser: Užík, Ján, 1969-
Format: Buchkapitel
Sprache:Slowakisch
Schlagworte:
Tags: Tag hinzufügen
Keine Tags, Fügen Sie das erste Tag hinzu!

MARC

LEADER 00000naa a2200000 4500
001 0240792
005 20240502073923.2
041 0 |a slo 
044 |a SK 
245 1 0 |a Čo priniesla novelizácia postupov účtovania pre podnikateľov  |c Ján Užík 
520 |a Informácia o zmenách v postupoch učtovania pre podnikateľov. Novelizácia je účinná od 1.1. 2018 a nadväzuje najmä na nové ustanovenia Obchodného zákonníka a Zákona o účtovnítve týkajúce sa kapitálového fondu z príspevkov. 
610 2 0 |a zákony 
610 2 0 |a novelizácia 
610 2 0 |a Slovensko 
610 2 0 |a pravidlá účtovné 
610 2 0 |a podnikatelia 
610 2 0 |a zákonník obchodný 
100 1 |a Užík, Ján, 1969-